Normal view MARC view
  • DESIGN TECHNOLOGY

Entry Topical Term

Number of records used in: 1

001 - CONTROL NUMBER

  • control field: 58639

003 - CONTROL NUMBER IDENTIFIER

  • control field: NUST

005 - DATE AND TIME OF LATEST TRANSACTION

  • control field: 20210628202201.0

008 - FIXED-LENGTH DATA ELEMENTS

  • fixed length control field: 210628|| aca||aabn | a|a d

040 ## - CATALOGING SOURCE

  • Original cataloging agency: NUST
  • Transcribing agency: NUST

150 ## - HEADING--TOPICAL TERM

  • Topical term or geographic name entry element: DESIGN TECHNOLOGY

670 ## - SOURCE DATA FOUND

  • Source citation: Work cat.: (NUST): Stensel, Peter Tung, Andrew Seng, Soh Beng 58638, Keeping up with design technology, for upper secondary, 2000
© 2023 Central Library, National University of Sciences and Technology. All Rights Reserved.